WWE Pay-Per-View/PLE Host Cities - Statistics

General Stats
  • This quiz has been taken 26 times
  • The average score is 87 of 166
Answer Stats
Venue First Event Hosted Answer % Correct
American Airlines Center Night of Champions 2008 Dallas, Texas
93%
Reunion Arena Fully Loaded 2000 Dallas, Texas
93%
Los Angeles Memorial Sports Arena WrestleMania 2 Los Angeles, California
93%
Staples Center Unforgiven 2002 Los Angeles, California
93%
Boston Garden Survivor Series 1993 Boston, Massachusetts
86%
FleetCenter WrestleMania XIV Boston, Massachusetts
86%
Allegiant Stadium SummerSlam 2021 Las Vegas, Nevada
86%
Caesars Palace WrestleMania IX Las Vegas, Nevada
86%
MGM Grand Garden Arena Money in the Bank 2022 Las Vegas, Nevada
86%
T-Mobile Arena Money in the Bank 2016 Las Vegas, Nevada
86%
Thomas & Mack Center No Way Out 2001 Las Vegas, Nevada
86%
Earls Court Exhibition Centre Insurrextion 2000 London, England
86%
London Arena Capital Carnage London, England
86%
The O2 Arena Money in the Bank 2023 London, England
86%
Wembley Arena Insurrextion 2002 London, England
86%
Wembley Stadium SummerSlam 1992 London, England
86%
Amway Center Royal Rumble 2016 Orlando, Florida
86%
Camping World Stadium WrestleMania XXIV Orlando, Florida
86%
Orlando Arena Royal Rumble 1990 Orlando, Florida
86%
WWE Performance Center WrestleMania 36 Orlando, Florida
86%
FedExForum Unforgiven 2007 Memphis, Tennessee
79%
Memphis Pyramid St. Valentine's Day Massacre: In Your House Memphis, Tennessee
79%
American Airlines Arena Royal Rumble 2006 Miami, Florida
79%
Miami Arena Royal Rumble 1991 Miami, Florida
79%
Sun Life Stadium WrestleMania XXVIII Miami Gardens, Florida
79%
Bell Centre Survivor Series 1997 Montreal, Quebec, Canada
79%
CoreStates Center In Your House: Mind Games Philadelphia, Pennsylvania
79%
Lincoln Financial Field WrestleMania XL Philadelphia, Pennsylvania
79%
Wells Fargo Center SummerSlam 1990 Philadelphia, Pennsylvania
79%
Alamodome Royal Rumble 1997 San Antonio, Texas
79%
Freeman Coliseum This Tuesday in Texas San Antonio, Texas
79%
Frost Bank Center Royal Rumble 2007 San Antonio, Texas
79%
Pechanga Arena Taboo Tuesday 2005 San Diego, California
79%
San Diego Sports Arena Vengeance 2001 San Diego, California
79%
Charlotte Coliseum Unforgiven 1999 Charlotte, North Carolina
71%
Spectrum Center Vengeance 2006 Charlotte, North Carolina
71%
United Center SummerSlam 1994 Chicago, Illinois
71%
Minute Maid Park Royal Rumble 2020 Houston, Texas
71%
Reliant Astrodome WrestleMania X-Seven Houston, Texas
71%
The Summit Royal Rumble 1989 Houston, Texas
71%
Toyota Center No Mercy 2005 Houston, Texas
71%
Gainbridge Fieldhouse The Great American Bash 2006 Indianapolis, Indiana
71%
Hoosier Dome WrestleMania VIII Indianapolis, Indiana
71%
Lucas Oil Stadium Royal Rumble 2025 Indianapolis, Indiana
71%
Market Square Arena In Your House: Buried Alive Indianapolis, Indiana
71%
Melbourne Cricket Ground Super Show-Down 2018 Melbourne, Australia
71%
Mercedes-Benz Superdome WrestleMania XXX New Orleans, Louisiana
71%
Smoothie King Center Royal Rumble 2001 New Orleans, Louisiana
71%
Hammerstein Ballroom One Night Stand 2005 New York City, New York
71%
Madison Square Garden WrestleMania I New York City, New York
71%
America West Arena SummerSlam 2003 Phoenix, Arizona
71%
Chase Field Royal Rumble 2019 Phoenix, Arizona
71%
KeyArena No Way Out 2009 Seattle, Washington
71%
Safeco Field WrestleMania XIX Seattle, Washington
71%
Capital One Arena Backlash 2000 Washington, D.C.
71%
State Farm Arena Royal Rumble 2002 Atlanta, Georgia
64%
Freedom Hall Judgment Day 2000 Louisville, Kentucky
64%
Louisville Gardens In Your House 6 Louisville, Kentucky
64%
Manchester Evening News Arena No Mercy 1999 Manchester, England
64%
Verizon Wireless Arena Backlash 2005 Manchester, New Hampshire
64%
Bridgestone Arena Judgment Day 2002 Nashville, Tennessee
64%
Nashville Municipal Auditorium No Holds Barred: The Match/The Movie Nashville, Tennessee
64%
Nissan Stadium SummerSlam 2022 Nashville, Tennessee
64%
Paris La Défense Arena Clash in Paris 2025 Paris, France
64%
ARCO Arena Royal Rumble 1993 Sacramento, California
64%
Golden 1 Center No Mercy 2016 Sacramento, California
64%
SAP Center Royal Rumble 1998 San Jose, California
64%
Ricoh Coliseum Roadblock 2016 Toronto, Ontario, Canada
64%
Scotiabank Arena SummerSlam 2004 Toronto, Ontario, Canada
64%
SkyDome WrestleMania VI Toronto, Ontario, Canada
64%
Birmingham–Jefferson Civic Center Armageddon 2000 Birmingham, Alabama
57%
NEC Arena One Night Only Birmingham, England
57%
Barclays Center TLC: Tables, Ladders & Chairs 2012 Brooklyn, New York
57%
Huntington Bank Field SummerSlam 2024 Cleveland, Ohio
57%
Rocket Arena SummerSlam 1996 Cleveland, Ohio
57%
Pepsi Center Vengeance 2003 Denver, Colorado
57%
Ford Field WrestleMania 23 Detroit, Michigan
57%
Joe Louis Arena Survivor Series 1991 Detroit, Michigan
57%
Little Caesars Arena Hell in a Cell 2017 Detroit, Michigan
57%
The Palace of Auburn Hills SummerSlam 1993 Detroit, Michigan
57%
Greensboro Coliseum Unforgiven: In Your House Greensboro, North Carolina
57%
Hartford Civic Center Survivor Series 1990 Hartford, Connecticut
57%
Amalie Arena Survivor Series 2000 Tampa, Florida
57%
Raymond James Stadium WrestleMania 37 Tampa, Florida
57%
Yuengling Center Royal Rumble 1995 Tampa, Florida
57%
Atlantic City Convention Hall WrestleMania IV Atlantic City, New Jersey
50%
Canadian Airlines Saddledome In Your House: Canadian Stampede Calgary, Alberta, Canada
50%
Jacksonville Veterans Memorial Arena One Night Stand 2007 Jacksonville, Florida
50%
Kemper Arena Over the Edge 1999 Kansas City, Missouri
50%
Sprint Center Money in the Bank 2010 Kansas City, Missouri
50%
Norfolk Scope The Great American Bash 2004 Norfolk, Virginia
50%
Optus Stadium Elimination Chamber 2024 Perth, Australia
50%
RAC Arena Crown Jewel 2025 Perth, Australia
50%
Coliseo de Puerto Rico New Year's Revolution 2005 San Juan, Puerto Rico
50%
General Motors Place In Your House: International Incident Vancouver, British Columbia, Canada
50%
Winnipeg Arena In Your House 4 Winnipeg, Manitoba, Canada
50%
Arrowhead Pond WrestleMania XII Anaheim, California
43%
AT&T Stadium WrestleMania 32 Arlington, Texas
43%
Uber Arena Bash in Berlin 2024 Berlin, Germany
43%
Florence Civic Center In Your House: Beware of Dog Florence, South Carolina
43%
Hersheypark Arena In Your House 5 Hershey, Pennsylvania
43%
Jeddah Super Dome Elimination Chamber 2022 Jeddah, Saudi Arabia
43%
King Abdullah International Stadium Greatest Royal Rumble Jeddah, Saudi Arabia
43%
Target Center SummerSlam 1999 Minneapolis, Minnesota
43%
Mellon Arena SummerSlam 1995 Pittsburgh, Pennsylvania
43%
PPG Paints Arena Royal Rumble 2014 Pittsburgh, Pennsylvania
43%
Pontiac Silverdome WrestleMania III Pontiac, Michigan
43%
King Saud University Stadium Crown Jewel 2018 Riyadh, Saudi Arabia
43%
Kingdom Arena Night of Champions 2025 Riyadh, Saudi Arabia
43%
Mohammed Abdo Arena Super ShowDown 2020 Riyadh, Saudi Arabia
43%
Springfield Civic Center D-Generation X: In Your House Springfield, Massachusetts
43%
Enterprise Center Badd Blood: In Your House St. Louis, Missouri
43%
The Dome at America's Center Royal Rumble 2022 St. Louis, Missouri
43%
Marine Midland Arena Fully Loaded 1999 Buffalo, New York
36%
U.S. Bank Arena Cyber Sunday 2006 Cincinnati, Ohio
36%
OVO Hydro Clash at the Castle 2024 Glasgow, Scotland
36%
Intuit Dome Money in the Bank 2025 Inglewood, California
36%
SoFi Stadium WrestleMania 39 Inglewood, California
36%
LDLC Arena Backlash 2024 Lyon, France
36%
Bradley Center No Way Out 2002 Milwaukee, Wisconsin
36%
MECCA Arena King of the Ring 1996 Milwaukee, Wisconsin
36%
Prudential Center Hell in a Cell 2009 Newark, New Jersey
36%
Oracle Arena Elimination Chamber 2011 Oakland, California
36%
Ford Center Unforgiven 2005 Oklahoma City, Oklahoma
36%
Rose Garden Arena Unforgiven 2004 Portland, Oregon
36%
Richfield Coliseum Survivor Series 1987 Richfield, Ohio
36%
Richmond Coliseum In Your House: Cold Day in Hell Richmond, Virginia
36%
Rosemont Horizon The Wrestling Classic Rosemont, Illinois
36%
Levi's Stadium WrestleMania 31 Santa Clara, California
36%
Worcester Centrum Backlash 2003 Worcester, Massachusetts
36%
Principality Stadium Clash at the Castle Cardiff, Wales
29%
Brendan Byrne Arena SummerSlam 1989 East Rutherford, New Jersey
29%
MetLife Stadium WrestleMania 29 East Rutherford, New Jersey
29%
North Charleston Coliseum In Your House: Beware of Dog 2 North Charleston, South Carolina
29%
Omaha Civic Auditorium In Your House: Good Friends, Better Enemies Omaha, Nebraska
29%
Qwest Center Judgment Day 2008 Omaha, Nebraska
29%
Providence Civic Center Royal Rumble 1994 Providence, Rhode Island
29%
Sheffield Arena Rebellion 2000 Sheffield, England
29%
Tacoma Dome Stomping Grounds 2019 Tacoma, Washington
29%
West Palm Beach Auditorium In Your House: It's Time West Palm Beach, Florida
29%
Knickerbocker Arena Royal Rumble 1992 Albany, New York
21%
Nationwide Arena King of the Ring 2002 Columbus, Ohio
21%
Rexall Place Backlash 2004 Edmonton, Alberta, Canada
21%
University of Phoenix Stadium WrestleMania XXVI Glendale, Arizona
21%
Rupp Arena Backlash 2006 Lexington, Kentucky
21%
Lenovo Center SummerSlam 2000 Raleigh, North Carolina
21%
Saginaw Civic Center In Your House 3 Saginaw, Michigan
21%
Nassau Veterans Memorial Coliseum WrestleMania 2 Uniondale, New York
21%
Royal Farms Arena King of the Ring 1994 Baltimore, Maryland
14%
Nutter Center King of the Ring 1993 Dayton, Ohio
14%
Copps Coliseum Breakdown: In Your House Hamilton, Ontario, Canada
14%
Alltel Arena No Mercy 2002 Little Rock, Arkansas
14%
Telewest Arena Insurrextion 2003 Newcastle, England
14%
Tropicana Field TLC: Tables, Ladders & Chairs 2020 St. Petersburg, Florida
14%
Onondaga County War Memorial In Your House Syracuse, New York
14%
James Brown Arena December to Dismember 2006 Augusta, Georgia
7%
UTC Arena In Your House: Final Four Chattanooga, Tennessee
7%
American Bank Center Elimination Chamber 2015 Corpus Christi, Texas
7%
Cow Palace No Way Out 2004 Daly City, California
7%
Gwinnett Arena Armageddon 2004 Duluth, Georgia
7%
Save Mart Center Royal Rumble 2005 Fresno, California
7%
Selland Arena Royal Rumble 1996 Fresno, California
7%
USAir Arena Survivor Series 1995 Landover, Maryland
7%
iWireless Center King of the Ring 2015 Moline, Illinois
7%
Blue Cross Arena In Your House: Revenge of the Taker Rochester, New York
7%
National Car Rental Center Armageddon 1999 Sunrise, Florida
7%
No matching quizzes found
Score Distribution
Percent of People with Each Score
Percentile by Number Answered
Your Score History
You have not taken this quiz